[Event "74th Tata Steel GMA"]
[Site "Wijk aan Zee NED"]
[Date "2012.01.20"]
[Round "6"]
[White "Caruana, Fabiano"]
[Black "Van Wely, Loek"]
[Result "1/2-1/2"]
[WhiteElo "2736"]
[BlackElo "2692"]
[PlyCount "138"]
[EventDate "2012.01.14"]

1. e4 d5 2. exd5 Qxd5 3. Nc3 Qa5 4. d4 Nf6 5. Nf3 c6 6. Bc4 Bf5 7. Bd2 e6 8.
Nd5 Qd8 9. Nxf6+ gxf6 10. O-O Nd7 11. Nh4 Bg6 12. c3 Qc7 13. Qf3 O-O-O $146 ({
RR} 13... Bd6 14. g3 O-O-O 15. a4 f5 16. a5 a6 17. Rfe1 Nf6 18. Bg5 Be7 19. Ng2
Ne4 20. Bxe7 Qxe7 21. Nf4 e5 22. dxe5 Rd2 23. Re2 Rhd8 24. h4 h5 25. e6 Rxe2
26. Bxe2 Qf6 27. exf7 Bxf7 28. Qe3 {So,W (2540)-Megaranto,S (2561) Jakarta
2008 1-0 (57)}) ({RR} 13... Bd6 14. g3 O-O 15. Bh6 Rfe8 16. Ng2 b5 17. Be2 f5
18. Nf4 e5 19. Nh5 Re6 20. Ng7 Rf6 21. Nh5 Re6 22. Rfe1 e4 23. Qe3 Bxh5 24.
Bxh5 Kh8 25. d5 f4 26. Qd4+ Be5 27. Bxf4 cxd5 28. Bxf7 {Vishnu,P (2406)
-Suvrajit,S (2392) New Delhi IND 2010 0-1 (47)}) ({RR} 13... Bd6 14. g3 O-O-O
15. b4 Rde8 16. Rfe1 f5 17. b5 c5 18. Bh6 Nb6 19. Bf1 c4 20. a4 f4 21. a5 Nd5
22. Nxg6 hxg6 23. Bg7 Rh7 24. Ra4 Kd7 25. Be5 Bxe5 26. Rxe5 fxg3 27. fxg3 Reh8
28. b6 {White,M (2259)-Almond,R (2100) Paington 2009 0-1 (41)}) ({RR} 13... Bd6
14. g3 O-O-O 15. b4 f5 16. b5 c5 17. a4 Kb8 18. Be2 Rdg8 19. a5 f4 20. b6 axb6
21. axb6 Nxb6 22. dxc5 Qxc5 23. Bxf4 Bxf4 24. Nxg6 Rxg6 25. Qxf4+ Qc7 26. Qe3
h5 27. Rfb1 e5 28. Ra5 {Kleijn,C (2377)-Bachofner,A (2240) Vienna 2009 1-0 (39)
}) 14. Bf4 Bd6 15. Bxd6 Qxd6 16. g3 c5 17. Rfd1 Bc2 18. Rd2 Ne5 19. Qxf6 Nxc4
20. Rxc2 Rhf8 21. Rd1 Qd5 22. b3 Nd6 23. c4 Qh5 24. Qf3 Qxf3 25. Nxf3 b6 26.
dxc5 bxc5 27. Re2 Nb7 28. Rxd8+ Kxd8 29. Re5 Ke7 30. Rh5 Rh8 31. Ne5 a5 32. f4
a4 33. bxa4 h6 34. g4 Ra8 35. g5 f6 36. gxf6+ Kxf6 37. Nd7+ Ke7 38. Ne5 Kf6 39.
Kg2 Kg7 40. f5 exf5 41. Rxf5 Nd6 42. Rf2 Rxa4 43. Rc2 Ra3 44. Kf1 Nf5 45. Ke1
Ne3 46. Re2 Kf6 47. Nd7+ Kf5 48. Rf2+ Kg4 49. Ne5+ Kg5 50. Kd2 h5 51. Re2 Ng4
52. Kc1 Nxe5 53. Rxe5+ Kf4 54. Rxh5 Rxa2 55. h4 Ke3 56. Rd5 Rh2 57. h5 Rh4 58.
Rxc5 Kd4 59. Ra5 Rh2 60. Kd1 Kxc4 61. Ke1 Kd4 62. Kf1 Ke4 63. Kg1 Rb2 64. h6
Kf4 65. Ra8 Rb7 66. Kg2 Kg5 67. Ra6 Rh7 68. Kg3 Rxh6 69. Rxh6 Kxh6 1/2-1/2

[Event "74th Tata Steel GMA"]
[Site "Wijk aan Zee NED"]
[Date "2012.01.20"]
[Round "6"]
[White "Giri, Anish"]
[Black "Kamsky, Gata"]
[Result "1-0"]
[WhiteElo "2714"]
[BlackElo "2732"]
[PlyCount "171"]
[EventDate "2012.01.14"]

1. Nf3 {Marin,M} c5 2. c4 Nf6 3. g3 Nc6 4. Bg2 d6 5. Nc3 g6 6. d4 cxd4 7. Nxd4
Bd7 8. O-O Bg7 9. Nc2 ({RR} 9. Nxc6 Bxc6 ({RR} 9... bxc6) 10. e4 O-O 11. Be3 a6
({RR} 11... a5 12. Rc1 a4 13. Qe2 Qa5 14. Rfd1 Rfc8 15. c5 Ne8 16. cxd6 Nxd6
17. Nd5) 12. Rc1 Nd7 13. Qe2 b5 14. b4 Ne5 15. cxb5 axb5 16. Nxb5 Bxb5 17. Qxb5
Qb8 18. a4 Qxb5 19. axb5 Rfb8 20. b6 Ng4 21. b7) 9... Rc8 ({RR} 9... Ng4 10.
Bd2 h5 11. h3 Nge5 12. b3 Qc8 13. Kh2 f5 ({RR} 13... h4 14. g4 Bxg4 ({RR} 14...
f5 15. g5) 15. hxg4 Nxg4+ 16. Kh1 Qf5 17. f4) ({RR} 13... g5 14. Rc1 g4 15. h4
Bf5 16. Ne3 Bg6 17. Ned5 Qd7) 14. h4 ({RR} 14. Rc1 h4) 14... g5 15. hxg5 ({RR} 
15. Bxg5 Ng4+ 16. Kg1 Bxc3) 15... h4 16. f3 ({RR} 16. gxh4 Rxh4+ 17. Kg1 f4)
16... Kf7 ({RR} 16... hxg3+ 17. Kxg3 f4+ 18. Bxf4 ({RR} 18. Kf2 Bh3 19. Rg1 Ng6
) 18... Nxc4 ({RR} 18... Ng6 19. Bd2) 19. bxc4 Bxc3 20. Rb1) ({RR} 16... Ng6
17. f4 ({RR} 17. Rh1 hxg3+ 18. Kxg3 f4+ 19. Kf2 Nd4) ({RR} 17. e3 Nce5 18. Ne2
Qc7) ({RR} 17. gxh4 f4) 17... Nce5 18. Ne3 ({RR} 18. fxe5 Bxe5 19. Rh1 hxg3+
20. Kg1 Nh4) 18... Ng4+ 19. Nxg4 fxg4 20. Qc2 hxg3+ 21. Kxg3 Nh4 22. e4 Nxg2
23. Kxg2 Qc5 24. Rae1) 17. Rh1 Rh5 18. Nd5 Qh8 19. Rc1 Rg8 20. Qf1 ({RR} 20.
gxh4 Ng6 21. Kg1 Nxh4) ({RR} 20. Be3 Bf6 21. Kg1 Bxg5 22. f4 h3 23. fxg5 ({RR} 
23. Bf1 Bh4) 23... hxg2 24. Kxg2 Ng4) 20... Ke8 ({RR} 20... Bf6 21. Nxf6 ({RR} 
21. gxf6 hxg3+ 22. Kg1 Rxh1+ 23. Bxh1 Qh2#) 21... exf6) 21. gxh4 Ng6 22. f4 ({
RR} 22. Qf2 e6 23. Nc7+ Kd8 24. Nb5 a6 25. Nba3 ({RR} 25. Nxd6 Be5+) 25... Nxh4
) ({RR} 22. Kg1 Nxh4 ({RR} 22... e6 23. Nc7+ Kd8 24. Nb5) 23. Qf2 e6 24. Nc7+
Ke7 25. c5) 22... e6 23. Nc7+ ({RR} 23. Ndb4 Bc3 24. Bxc3 Qxc3 25. Nd3 Nxh4 26.
Kg1 Rgh8) 23... Ke7 24. Kg3 {Leko,P (2735)-Gashimov,V (2734) Astrakhan 2010
CBM 137 [Marin,M] 1-0 (79)} ({RR} 24. c5 Rxh4+ 25. Kg1 Bd4+) {RR} 24... Rc8 ({
RR} 24... Rxh4) 25. Nb5 a6 26. Nba3 Rxh4) ({RR} 9... O-O) ({RR} 9... h5) ({RR} 
9... h5 10. h4 Rc8 11. Bf4 Ng4 12. Qd2 Qa5 13. Ne4 Qxd2 14. Bxd2 Nd8 15. Bc3
Bxc3 16. Nxc3 Rxc4 17. Rad1 Bc6 18. e4 Ne6 19. Rd2 O-O 20. Re1 Rc8 21. f3 Ne5
22. f4 Ng4 23. Bf3 Nf6 24. Kg2 {Gretarsson,H (2444)-Gustafsson,J (2647)
Reykjavik ISL 2011 0-1 (39)}) 10. Bd2 h5 $146 ({RR} 10... O-O 11. b3 Be6 12.
Ne3 Qd7 13. Ned5 Bxd5 14. cxd5 Nb8 15. Rc1 Rc7 16. e4 Rfc8 17. Qe2 Ng4 18. Bh3
h5 19. Nb5 Rxc1 20. Rxc1 Rxc1+ 21. Bxc1 a6 22. Na3 Qc7 23. Qc4 Qa5 24. Bxg4
hxg4 25. Kf1 {Tratar,M (2420)-Cebalo,M (2540) Nova Gorica 1997 0-1 (40)}) ({RR
} 10... Qa5 11. Nb5 Qb6 12. b3 d5 13. Be3 Qa5 14. cxd5 Qxb5 15. dxc6 Bxc6 16.
Nd4 Qh5 17. Bxc6+ bxc6 18. Nf3 Ng4 19. Rc1 Nxe3 20. fxe3 O-O 21. Qd7 Qa5 22.
Rc2 Bf6 23. Kg2 Rfd8 24. Qg4 Rc7 25. Qf4 {Bu Xiangzhi (2673)-Dvoirys,S (2539)
Moscow 2010 1/2-1/2 (107)}) 11. h3 Be6 12. Ne3 Qd7 13. Kh2 Nd4 14. Ncd5 Bxd5
15. cxd5 Qb5 16. Re1 Qxb2 17. Qa4+ b5 18. Qa5 Ng4+ 19. hxg4 hxg4+ 20. Kg1 Nxe2+
21. Kf1 Nc3 22. Bxc3 Qxc3 23. Qxb5+ Kf8 24. Rad1 f5 25. Qb1 Qb2 26. Qxb2 Bxb2
27. Rd3 Kf7 28. Rb1 Bf6 29. Ke2 Rc5 30. Ra3 Rh2 31. Rh1 Rxh1 32. Bxh1 Rc1 33.
Bg2 Bd4 34. Rd3 Bc5 35. Rd1 Rc3 36. Rd3 Rc1 37. Rd1 Rc3 38. Rd2 Rc1 39. f3
gxf3+ 40. Bxf3 Kf6 41. g4 Kg5 42. gxf5 gxf5 43. Bg2 Kf4 44. Nf1 a5 45. Kd3 a4
46. Rc2 Rd1+ 47. Ke2 Rb1 48. Rc4+ Kg5 49. Kd3 Rb2 50. Rc2 Rb4 51. Nd2 Rg4 52.
Bh1 Rd4+ 53. Ke2 Rb4 54. Bf3 a3 55. Nb3 Bb6 56. Rc3 Rh4 57. Bg2 Rg4 58. Kf1 Rb4
59. Bf3 Kf6 60. Ke2 Rh4 61. Bg2 Rg4 62. Kf1 Rb4 63. Rc2 Rg4 64. Nd2 Rb4 65. Ke2
Bc5 66. Nf3 Re4+ 67. Kd3 Re3+ 68. Kd2 Re4 69. Bf1 e6 70. dxe6 Rxe6 71. Rc4 Re8
72. Rh4 Be3+ 73. Kc2 Bc5 74. Bc4 Re3 75. Bd5 Re2+ 76. Kd3 Rf2 77. Rh6+ Kg7 78.
Re6 Rf1 79. Kc4 Rd1 80. Re1 Rxe1 81. Nxe1 Kg6 82. Nd3 Ba7 83. Kb3 Kg5 84. Kxa3
f4 85. Kb3 Kg4 86. Ne1 1-0

[Event "74th Tata Steel GMA"]
[Site "Wijk aan Zee NED"]
[Date "2012.01.20"]
[Round "6"]
[White "Gelfand, Boris"]
[Black "Nakamura, Hikaru"]
[Result "0-1"]
[WhiteElo "2739"]
[BlackElo "2759"]
[PlyCount "70"]
[EventDate "2012.01.14"]

1. d4 {Tsesarsky} f5 2. g3 Nf6 3. Bg2 g6 4. c4 Bg7 5. Nc3 O-O 6. Nf3 d6 7. O-O
c6 8. d5 e5 9. dxe6 Bxe6 10. b3 Re8 11. Bb2 Na6 12. Ng5 Qe7 13. Nxe6 Qxe6 14.
Qc2 Nc5 15. Rad1 Rad8 16. e3 Nce4 ({RR} 16... Nfe4 17. Ne2 Bxb2 18. Qxb2 a5 ({
RR} 18... Qe5 19. Qc2 Na6 20. a3 Nc7 21. b4 Kg7 22. Rd3 Re7) 19. Qc2 Qe5 20. a3
Na6 21. Rd4 Ng5 22. Rb1 Ne6 23. Rd2 Qc5 24. b4) ({RR} 16... Nfe4 17. Nxe4 Nxe4
18. Bxg7 Kxg7 {1/2-1/2 (18) Sosonko,G (2525)-Dolmatov,S (2630) Polanica Zdroj
1993}) 17. Nxe4 ({RR} 17. Rfe1 Qf7 18. Nxe4 Nxe4 19. Bxg7 Qxg7 20. Rd4 Qe5 21.
Red1 Rd7 22. b4 h5 23. b5 Kh7 24. h4 Re6 25. bxc6 bxc6 26. Bxe4 fxe4 27. Qa4
Rc7 28. Qa3 {1/2-1/2 (28) Houska,J (2418)-Rendle,T (2386) Sheffield ENG 2011})
17... fxe4 ({RR} 17... Nxe4 18. Bxg7 Kxg7 19. Rd4 Nf6 20. Rfd1) 18. Rd2 $146 ({
RR} 18. Rd4 d5 19. cxd5 cxd5 20. Qd2 Rd7 ({RR} 20... Ng4 21. Bh3 ({RR} 21. Rb4
Bxb2 22. Qxb2 b6 23. Rd1 Rf8 24. Rd2 Ne5 25. Rbd4 Nd3) 21... h5 22. Ra4) 21.
Rd1 Nh5 22. Ra4 Bxb2 23. Qxb2 a6 24. Rad4 Nf6 25. Rc1 Rd6 26. Rd2 Rc8 27. Rxc8+
Qxc8 28. Bf1 Kf7 ({RR} 28... Rc6 29. Kg2) 29. Kg2 Qe6 30. Be2 Rc6 31. b4 Qc8 ({
RR} 31... b5) 32. Bd1 Rd6 {Huzman,A (2581)-Neiksans,A (2378) Batumi 1999 CBM
074 [Tsesarsky] 1-0 (55)} ({RR} 32... Qe6 33. b5 Rd6 34. Be2)) 18... d5 19.
cxd5 ({RR} 19. Rfd1 Rf8) 19... cxd5 20. Qc5 b6 21. Qb5 Nh5 22. Ba3 Bf8 23. Bb2
Bg7 24. Ba3 Be5 25. Rc1 Nf6 26. Rdc2 d4 27. Rc6 Qf5 28. exd4 Bxd4 29. Qxf5 gxf5
30. Bh3 e3 31. Bxf5 exf2+ 32. Kf1 Be3 33. Rb1 Ne4 34. Bxe4 Rxe4 35. Rc2 Red4
0-1

[Event "74th Tata Steel GMA"]
[Site "Wijk aan Zee NED"]
[Date "2012.01.20"]
[Round "6"]
[White "Navara, David"]
[Black "Carlsen, Magnus"]
[Result "1/2-1/2"]
[WhiteElo "2712"]
[BlackElo "2835"]
[PlyCount "162"]
[EventDate "2012.01.14"]

1. d4 d5 2. c4 c6 3. Nc3 Nf6 4. e3 e6 5. Nf3 Nbd7 6. Qc2 Bd6 7. Bd3 O-O 8. O-O
dxc4 9. Bxc4 b5 10. Bd3 Bb7 11. Rd1 b4 12. Na4 c5 13. dxc5 Rc8 14. Qe2 Nxc5 15.
Nxc5 Rxc5 16. e4 $146 ({RR} 16. Bd2 a5 17. e4 Qb8 18. h3 Bf4 19. a3 Bxd2 20.
Nxd2 Ba8 21. Qe3 Rc7 22. a4 Bc6 23. Nb3 Qa7 24. Qxa7 Rxa7 25. f3 Rd8 26. Bb5
Rxd1+ 27. Rxd1 Bxb5 28. axb5 Kf8 29. Nc5 Ra8 30. b6 Ke7 {Ponomariov,R (2764)
-Giri,A (2701) Dortmund GER 2011 1-0 (34)}) 16... Nxe4 17. Bxe4 Bxe4 18. Rxd6
Bxf3 19. Qd2 Rd5 20. Rxd8 Rfxd8 21. Qe1 Rd1 22. Bg5 Rxe1+ 23. Rxe1 Rd5 24. Be7
Bg4 25. Bxb4 h5 26. Bc3 f6 27. f3 Bf5 28. Re2 e5 29. Rd2 Rc5 30. Kf2 Kf7 31. h4
Be6 32. Rd6 Bc8 33. Rd8 Rc4 34. Kg3 Be6 35. a3 Rc7 36. Ba5 Rc2 37. Ra8 Rxb2 38.
Rxa7+ Kg8 39. Bb4 Bc4 40. Rd7 Bf1 41. Rd2 Rb3 42. Kf2 Bd3 43. Ke3 Bb5+ 44. Kf2
Kf7 45. Rd5 Bd3 46. Rd7+ Kg8 47. Rd8+ Kh7 48. Rd7 Bf5 49. Ra7 Kg8 50. Ra8+ Kh7
51. Ra7 Rb2+ 52. Kg1 e4 53. Bf8 Kg8 54. Bxg7 e3 55. Bxf6 Rb1+ 56. Kh2 e2 57.
Bc3 e1=Q 58. Bxe1 Rxe1 59. Kg3 Bg6 60. a4 Re2 61. Ra5 Ra2 62. Kf4 Kg7 63. g4
Bf7 64. Ra7 Rc2 65. gxh5 Rc6 66. Kg4 Rf6 67. Rc7 Ra6 68. h6+ Kf6 69. h7 Rxa4+
70. f4 Ra8 71. f5 Rh8 72. h5 Rxh7 73. Rc6+ Kg7 74. h6+ Kh8 75. Rc8+ Bg8 76. f6
Ra7 77. Re8 Kh7 78. Re7+ Rxe7 79. fxe7 Bf7 80. Kf5 Kxh6 81. e8=B Bxe8 1/2-1/2

[Event "74th Tata Steel GMA"]
[Site "Wijk aan Zee NED"]
[Date "2012.01.20"]
[Round "6"]
[White "Topalov, Veselin"]
[Black "Ivanchuk, Vassily"]
[Result "1/2-1/2"]
[WhiteElo "2770"]
[BlackElo "2766"]
[PlyCount "118"]
[EventDate "2012.01.14"]

1. e4 e5 2. Nf3 Nc6 3. Bb5 Nf6 4. O-O Nxe4 5. d4 Nd6 6. Bxc6 dxc6 7. dxe5 Nf5
8. Qxd8+ Kxd8 9. Nc3 Be6 10. Rd1+ Ke8 11. Ng5 ({RR} 11. h3 Bb4 12. Bd2 a5 13.
Ne2 Bc5 14. Nf4 Bd5 15. Ne1 Bb6 16. g4 Ne7 17. Bc3 Be6 18. Nh5 Rg8 19. Nd3 Nd5
20. Bd2 c5 21. Ndf4 Nb4 22. c3 Nc6 23. Re1 a4 24. Re4 c4 25. a3 Rd8 {Short,N 
(2660)-Gelfand,B (2665) Brussels 1991 1-0 (61)}) 11... Bc8 12. Ne2 ({RR} 12. h3
Be7 13. Nf3 h5 14. Bg5 Be6 15. Rd2 Rd8 16. Rxd8+ Kxd8 17. Rd1+ Ke8 18. g3 f6
19. Bf4 Bb4 20. exf6 Bxc3 21. bxc3 gxf6 22. Bxc7 Rh7 23. Re1 Re7 24. a3 Bd5 25.
Rxe7+ Nxe7 26. Nd2 b5 {Swiercz,D (2553)-Hovhannisyan,R (2556) Chennai IND 2011
1/2-1/2 (48)}) 12... a5 $146 ({RR} 12... Be7 13. Ne4 Bd7 14. Bg5 Rd8 15. h3 h6
16. Bxe7 Nxe7 17. Nd4 b6 18. b4 Nf5 19. c3 Ke7 20. Rac1 h5 21. f4 h4 22. Kf2
Ra8 23. Rd2 a5 24. a3 axb4 25. axb4 Ra4 26. Rcd1 Nxd4 27. Rxd4 {Borisek,J 
(2561)-Meszaros,M (2393) Chur 2010 1/2-1/2 (48)}) ({RR} 12... Be7 13. Ne4 Nh4
14. Bg5 Bf5 15. Bxe7 Kxe7 16. Rd4 Rad8 17. Nc5 Rxd4 18. Nxd4 Bc8 19. c3 Rd8 20.
Re1 Nf5 21. Nf3 b6 22. Ne4 Rd3 23. h3 a5 24. a3 h6 25. Re2 Ba6 26. Rd2 Ke6 27.
Rxd3 {Azarov,S (2585)-Kharlov,A (2499) Kazan 2008 0-1 (50)}) ({RR} 12... Be7
13. h3 Nh4 14. Nd4 h6 15. Ne4 Ng6 16. f4 h5 17. Rd3 Bd7 18. Bd2 c5 19. Nf3 Bf5
20. Re1 b6 21. c4 {1/2-1/2 (21) Sakaev,K (2635)-Kharlov,A (2501) Zvenigorod
2008}) 13. a4 b6 14. b3 c5 15. Bb2 Be7 16. Ne4 Be6 17. Nf4 h5 18. g3 Rd8 19.
Rxd8+ Kxd8 20. Rd1+ Kc8 21. Nxe6 fxe6 22. Kf1 Rd8 23. Rxd8+ Bxd8 24. Ke2 Kd7
25. Kd3 Ne7 26. f4 Nd5 27. c3 Be7 28. Bc1 Bd8 29. Bd2 Kc6 30. c4 Ne7 31. Ng5
Kd7 32. Ke4 Nf5 33. Nf3 Ke8 34. Be1 Kf7 35. h3 Nh6 36. Bf2 Be7 37. Be3 g6 38.
Nh2 Ke8 39. Nf3 Kf7 40. Ng1 Bd8 41. Ne2 Ke8 42. Nc3 Kd7 43. Kf3 Nf5 44. Ne2 Ne7
45. Ke4 Nf5 46. g4 hxg4 47. hxg4 Nh6 48. Kf3 Bh4 49. Nc3 Be1 50. Ne4 Nf7 51.
Ke2 Bh4 52. g5 Nd8 53. Nf6+ Ke7 54. Ng4 Nc6 55. Nh2 Kd7 56. Nf3 Bg3 57. Kd3 Ne7
58. Ke4 Nf5 59. Kd3 Kc6 1/2-1/2

[Event "74th Tata Steel GMA"]
[Site "Wijk aan Zee NED"]
[Date "2012.01.20"]
[Round "6"]
[White "Aronian, Levon"]
[Black "Gashimov, Vugar"]
[Result "1-0"]
[WhiteElo "2805"]
[BlackElo "2761"]
[PlyCount "95"]
[EventDate "2012.01.14"]

1. d4 Nf6 2. c4 e6 3. Nf3 c5 4. d5 d6 5. Nc3 exd5 6. cxd5 g6 7. Bf4 Bg7 8. Qa4+
Bd7 9. Qb3 b5 10. Bxd6 Qb6 11. Be5 O-O 12. e3 c4 13. Qd1 b4 ({RR} 13... Na6 14.
a4 Nb4 15. axb5 Bf5 16. Bxc4 Rfc8 17. b3 Ng4 18. Bxg7 Nc2+ 19. Qxc2 Bxc2 20.
Bd4 Qd8 21. O-O Qe7 22. Rfc1 Bf5 23. e4 Bd7 24. h3 Nf6 25. d6 Qd8 26. e5 Nh5
27. Nd5 Kf8 28. Be3 {Gelfand,B (2746)-Jobava,B (2712) Rogaska Slatina SLO 2011
1-0}) 14. Ne2 Bb5 15. Ned4 $146 ({RR} 15. Nf4 Nbd7 16. Bd4 Qb7 17. Be2 Rfe8 18.
O-O Bh6 19. g3 Nxd5 20. Nd2 Nxf4 21. gxf4 Rac8 22. Rc1 Qa6 23. Re1 Nb6 24. Bf3
Bc6 25. Bxc6 Rxc6 26. Qf3 Qc8 27. Ne4 Bg7 28. Bxg7 Kxg7 29. Red1 Qc7 {Kaluga,S
(2216)-Badmatsyrenov,O (2450) Barnaul RUS 2011 0-1 (46)}) 15... Nbd7 16. Nxb5
Qxb5 17. Bd4 Qxd5 18. Be2 Nb6 19. O-O Rac8 20. Rc1 Rfd8 21. Qe1 c3 22. bxc3
bxc3 23. Ba6 Rc7 24. Rxc3 Rxc3 25. Qxc3 Ne4 26. Qa3 Bxd4 27. Nxd4 Qc5 28. Qxc5
Nxc5 29. Bb5 Ne6 30. Nxe6 fxe6 31. Rc1 Rd2 32. a4 Ra2 33. g3 a6 34. Bxa6 Rxa4
35. Bb5 Ra5 36. Be2 Nd7 37. Rc7 Nf8 38. Bc4 Ra4 39. Kg2 Rb4 40. h4 h6 41. f4 h5
42. Kf3 Ra4 43. Ke4 Kh8 44. Ke5 Kg8 45. Kf6 Ra5 46. e4 Ra4 47. e5 Ra3 48. Rc8
1-0

[Event "74th Tata Steel GMA"]
[Site "Wijk aan Zee NED"]
[Date "2012.01.20"]
[Round "6"]
[White "Radjabov, Teimour"]
[Black "Karjakin, Sergey"]
[Result "1-0"]
[WhiteElo "2773"]
[BlackElo "2769"]
[PlyCount "123"]
[EventDate "2012.01.14"]

1. d4 Nf6 2. c4 e6 3. Nf3 b6 4. g3 Ba6 5. Nbd2 d5 6. Bg2 Be7 7. O-O O-O 8. b3
c5 9. dxc5 ({RR} 9. Bb2 Nc6 10. dxc5 Bxc5 11. Rc1 Rc8 12. e3 Qe7 13. a3 dxc4
14. Bxf6 gxf6 15. b4 c3 16. Rxc3 Bxf1 17. Bxf1 Bd6 18. Qc2 Qb7 19. Qe4 f5 20.
Qh4 f6 21. Bc4 Qe7 22. e4 Ne5 23. exf5 Nxc4 {Radjabov,T (2747)-Gelfand,B (2733)
Odessa 2007 0-1}) ({RR} 9. Bb2 Nc6 10. Rc1 Rc8 11. Re1 cxd4 12. cxd5 Nxd5 13.
Nxd4 Nxd4 14. Bxd4 Nb4 15. Bb2 Rxc1 16. Qxc1 Qd7 17. Nc4 Rc8 18. Rd1 Qe8 19. a3
Bxc4 20. bxc4 Nc6 21. Bc3 Bf6 22. Bxf6 gxf6 23. c5 Ne7 {Bleuzen,C (2018)
-Daumens,M (2178) France 2009 1-0 (32)}) 9... bxc5 $146 ({RR} 9... Bxc5 10. Bb2
Nc6 11. a3 Be7 12. Rc1 Rc8 13. b4 dxc4 14. Qa4 Nb8 15. b5 Qd7 16. Nd4 Rc5 17.
Nxc4 e5 18. Nb3 Rxb5 19. Rfd1 Qe6 20. e3 Nfd7 21. Ncd2 Nc5 22. Nxc5 Rxc5 23.
Rxc5 bxc5 24. Bc3 {Piket,J (2659)-Kramnik,V (2809) Monte Carlo 2002 1-0 (36)})
({RR} 9... Bxc5 10. Bb2 Nbd7 11. Rc1 Bb7 12. Nd4 Rc8 13. Nb5 Qe7 14. cxd5 Nxd5
15. Ne4 Rfd8 16. Nxc5 Nxc5 17. Qd4 Nf6 {1/2-1/2 (17) Piket,J (2575)-Karpov,A 
(2735) Wijk aan Zee 1998}) 10. Ne5 Bb7 11. Bb2 Nbd7 12. e3 Nxe5 13. Bxe5 Nd7
14. Bb2 Bf6 15. Qc2 Qb6 16. cxd5 exd5 17. Rac1 Rac8 18. Rfd1 Rfd8 19. Bxf6 Nxf6
20. Qf5 g6 21. Qf4 Kg7 22. h4 a5 23. e4 dxe4 24. Nc4 Qe6 25. Rxd8 Rxd8 26. Qc7
Qd5 27. Ne3 Qd2 28. Rc2 Rd7 29. Qxc5 Qe1+ 30. Kh2 h5 31. Qe5 Qb4 32. Rc5 Qd2
33. Rc2 Qb4 34. Qg5 Nh7 35. Qf4 Qd4 36. Bh3 Re7 37. Rc7 Qf6 38. Rc5 Qb6 39. Rc2
Qa6 40. Rd2 Qf6 41. Qb8 Nf8 42. Qd8 Ne6 43. Bxe6 Rxe6 44. Qxa5 Ba6 45. Nd5 Qe5
46. Qc7 Bd3 47. Qxe5+ Rxe5 48. Nf4 Ba6 49. Nd5 Bd3 50. Nb4 Bf1 51. Nc2 Rb5 52.
Ne3 Bd3 53. Rb2 Kf6 54. a4 Ra5 55. Ra2 Ke5 56. b4 Ra7 57. Ra3 Kd4 58. b5 Kc5
59. Rc3+ Kd4 60. b6 Rxa4 61. b7 Rb4 62. Rc4+ 1-0

[Event "74th Tata Steel GMA"]
[Site "Wijk aan Zee NED"]
[Date "2012.01.21"]
[Round "7"]
[White "Karjakin, Sergey"]
[Black "Topalov, Veselin"]
[Result "1-0"]
[WhiteElo "2769"]
[BlackElo "2770"]
[PlyCount "197"]
[EventDate "2012.01.14"]

1. e4 c5 2. Nc3 d6 3. f4 g6 4. Nf3 Bg7 5. Bb5+ Bd7 6. Bc4 Nc6 7. O-O Na5 8. Be2
Nf6 9. d3 O-O 10. Qe1 Nc6 11. Qh4 Nd4 12. Bd1 Rc8 $146 ({RR} 12... Bg4 13. Kh1
Bxf3 14. gxf3 e6 15. Ne2 Nxe2 16. Bxe2 Nh5 17. Qxd8 Raxd8 18. f5 exf5 19. exf5
Rfe8 20. Bd1 gxf5 21. f4 Nf6 22. Bf3 d5 23. Bd2 Ng4 24. Rae1 Bxb2 25. Rxe8+
Rxe8 26. Rb1 Bd4 27. Rxb7 {Lyell,M (2210)-Oparin,G (2306) Budapest HUN 2010 1/
2-1/2 (41)}) ({RR} 12... Bg4 13. Kh1 Bxf3 14. gxf3 e6 15. Ne2 Nxe2 16. Bxe2 Nh5
17. Qxd8 Raxd8 18. f5 exf5 19. exf5 Rfe8 20. Bd1 gxf5 21. f4 Nf6 22. Bf3 d5 23.
Bd2 Ng4 24. Rae1 Bxb2 25. Rxe8+ Rxe8 26. Rb1 Bd4 27. Rxb7 {Lyell,M (2210)
-Oparin,G (2306) Budapest 2010 1/2-1/2 (41)}) 13. Kh1 b5 14. Nxd4 cxd4 15. Nb1
Rc5 16. Nd2 Qc7 17. Nb3 Rxc2 18. Bxc2 Qxc2 19. Qg3 Rc8 20. f5 Qe2 21. Bg5 Qxb2
22. Rab1 Qxa2 23. Nxd4 Qa4 24. Ne2 Rc2 25. Qf3 gxf5 26. Ng3 fxe4 27. Nxe4 Nxe4
28. dxe4 f6 29. Ra1 Ra2 30. Rac1 Rc2 31. Ra1 Qd4 32. Be3 Qe5 33. Bf4 Qe6 34.
Qg3 Kf8 35. Rxa7 b4 36. Rb7 Re2 37. Qf3 Rc2 38. Rxb4 Qg4 39. Rb7 Qxf3 40. gxf3
Be8 41. Rc1 Rxc1+ 42. Bxc1 Bg6 43. Bf4 Bf7 44. Kg2 Be6 45. Bd2 Ke8 46. Rb5 Kf7
47. f4 Bd7 48. Ra5 f5 49. exf5 Bf6 50. Kf3 h5 51. Ke4 Bc6+ 52. Kd3 Bg2 53. Be3
Bf1+ 54. Kd2 Bg2 55. Bb6 Be4 56. Ke3 Bc2 57. Bd4 Bxd4+ 58. Kxd4 Kf6 59. Ra8
Bxf5 60. Rf8+ Ke6 61. Ke3 Bg6 62. Kf3 Bf7 63. f5+ Kf6 64. Kf4 Kg7 65. Rb8 Kf6
66. Rd8 e5+ 67. fxe6 Bxe6 68. Rxd6 h4 69. Rb6 h3 70. Rc6 Kf7 71. Ke5 Bg4 72.
Rc4 Bd7 73. Rc7 Ke8 74. Kd6 Bg4 75. Re7+ Kf8 76. Re4 Bc8 77. Kc7 Ba6 78. Re3
Kg7 79. Rxh3 Kg6 80. Kd6 Kg5 81. Ke5 Be2 82. Rg3+ Kh6 83. Kf5 Bd1 84. Rh3+ Kg7
85. Kg5 Be2 86. Re3 Bd1 87. Re7+ Kf8 88. Kf6 Kg8 89. Kg6 Bc2+ 90. Kh6 Kf8 91.
Rg7 Bd3 92. Rg5 Kf7 93. Rg3 Bc2 94. Rg7+ Kf8 95. Rg2 Be4 96. Rg4 Bc2 97. Rg5
Kf7 98. Kh5 Kf6 99. Kg4 1-0

[Event "74th Tata Steel GMA"]
[Site "Wijk aan Zee NED"]
[Date "2012.01.21"]
[Round "7"]
[White "Ivanchuk, Vassily"]
[Black "Aronian, Levon"]
[Result "1/2-1/2"]
[WhiteElo "2766"]
[BlackElo "2805"]
[PlyCount "59"]
[EventDate "2012.01.14"]

1. c4 e6 2. Nf3 d5 3. d4 Be7 4. g3 Nf6 5. Bg2 O-O 6. O-O dxc4 7. Qc2 a6 8. Qxc4
b5 9. Qc2 Bb7 10. Bg5 Nbd7 11. Bxf6 Nxf6 12. Nbd2 Rc8 13. Nb3 c5 14. dxc5 Be4 (
{RR} 14... Ne4 15. Rfd1 Qc7 16. c6 Qxc6 17. Qxc6 Bxc6 18. Ne5 Bd5 19. Nd7 Rfe8
20. Nb6 Rc2 21. Nxd5 exd5 22. Rxd5 Bf6 23. Rc1 Rxc1+ 24. Nxc1 Bxb2 25. Bxe4
Bxc1 26. Rd7 Kf8 27. Bc6 Re6 28. Rc7 Bb2 29. e4 {Topalov,V (2780)-Anand,V 
(2799) Nice 2008 1/2-1/2 (59)}) 15. Qc3 Bd5 16. Rfc1 $146 ({RR} 16. Ne5 Bxg2
17. Kxg2 Bxc5 18. Nxc5 Qd5+ 19. Qf3 Rxc5 20. Qxd5 Rxd5 21. Nf3 Rfd8 22. Rfc1 e5
23. e3 Ne4 24. Rc6 a5 25. Rac1 f6 26. Rb6 R8d7 27. h4 h5 28. Rc2 b4 29. Rc4 Nd2
30. Rc2 Ne4 {Diamant,A (2505)-Friedel,J (2518) Lubbock USA 2011 1/2-1/2 (31)})
({RR} 16. Rac1 Bxb3 17. Qxb3 Bxc5 18. Rc2 Qb6 19. e3 Rc7 20. Rfc1 Rfc8 21. a4
bxa4 22. Qxa4 Bd6 23. Rxc7 {1/2-1/2 (23) Aronian,L (2739)-Kramnik,V (2799)
Nice 2008}) ({RR} 16. Rfd1 Ne4 17. Qe3 Qc7 18. Nfd4 Nf6 19. Rac1 Rfd8 20. c6 g6
21. Bxd5 Rxd5 22. Rd3 Ng4 23. Qf4 Ne5 24. Rdd1 Nc4 25. Qxc7 Rxc7 26. e4 Rd8 27.
Nf3 Rxc6 28. Rxd8+ Bxd8 29. Nbd2 Bf6 30. Nxc4 bxc4 {Neckar,L (2355)-Donev,I 
(2415) Lenk 1991 0-1 (37)}) ({RR} 16. Rfd1 Qc7 17. Nfd4 Bxg2 18. Kxg2 Ne4 19.
Qf3 Nxc5 20. Rac1 Qb6 21. Nxc5 Bxc5 22. Nb3 Be7 23. Rxc8 Rxc8 24. Rc1 Rxc1 25.
Nxc1 g6 26. Nd3 Bd6 27. b3 h5 28. Qe4 Kg7 29. e3 Kf8 30. h3 Ke7 {Gritsak,O 
(2528)-Wojtaszek,R (2721) Katowice POL 2011 1/2-1/2 (40)}) 16... Nd7 17. Qe3 h6
18. Rc2 Bxb3 19. Qxb3 Rxc5 20. Rac1 Qb6 21. Rxc5 Bxc5 22. e3 Rc8 23. Rc3 Rc7
24. Qc2 Bd6 25. Rxc7 Qxc7 26. Nd4 Qxc2 27. Nxc2 Nc5 28. b4 Nd7 29. a3 Be5 30.
Bb7 1/2-1/2